| 000 | 00540nam a2200145Ia 4500 | ||
|---|---|---|---|
| 008 | 090711s9999 xx 000 0 und d | ||
| 082 | _b55711 | ||
| 100 | _aसाठवणे पां. आ. | ||
| 245 | _aशंभर वर्ष जगण्याSाी कला | ||
| 600 | _aसाठवणे पां. आ. | ||
| 630 | _aशंभर वर्ष जगण्याSाी कला | ||
| 700 | _aसाठवणे पां. आ. | ||
| 730 | _aशंभर वर्ष जगण्याSाी कला | ||
| 942 | _cBOOK | ||
| 999 |
_c326512 _d326512 |
||